[Event "Luxembourg-chT 1314"]
[Site "Luxembourg"]
[Date "2014.02.02"]
[Round "6"]
[White "Wietor, Henri"]
[Black "Kaber, Claude"]
[Result "0-1"]
[WhiteElo "1809"]
[BlackElo "2134"]
[PlyCount "24"]
[EventDate "2013.10.05"]
[EventType "team-tourn"]
[EventRounds "10"]
[EventCountry "LUX"]
[SourceTitle "EXT 2017"]
[Source "ChessBase"]
[SourceDate "2016.10.25"]
[SourceVersion "1"]
[SourceVersionDate "2016.10.25"]
[SourceQuality "1"]

1. e4 c5 2. Nf3 e6 3. c4 Nc6 4. Nc3 a6 5. d4 cxd4 6. Nxd4 Qc7 7. Nc2 Nf6 8. Be2 b6 9. 0-0 h5 10. f4 Ng4 11. Bxg4 hxg4 12. Qxg4 Bb7 0-1

[Event "Luxembourg-chT 1213"]
[Site "Luxembourg"]
[Date "2013.03.03"]
[Round "10"]
[White "Sorensen, Ivan"]
[Black "Kaber, Claude"]
[Result "1/2-1/2"]
[WhiteElo "2168"]
[BlackElo "2134"]
[PlyCount "118"]
[EventDate "2012.10.??"]
[EventType "team-tourn"]
[EventRounds "10"]
[EventCountry "LUX"]
[SourceTitle "EXT 2017"]
[Source "ChessBase"]
[SourceDate "2016.10.25"]
[SourceVersion "1"]
[SourceVersionDate "2016.10.25"]
[SourceQuality "1"]

1. Nf3 c5 2. b3 Nc6 3. Bb2 e6 4. e3 Nf6 5. Be2 Be7 6. 0-0 Qc7 7. c4 b6 8. Nc3 a6 9. d4 cxd4 10. exd4 Bb7 11. Rc1 Ng4 12. d5 Nce5 13. Nxe5 Nxe5 14. Ne4 f6 15. d6 Qc6 16. f3 Bd8 17. Bxe5 fxe5 18. Bd3 0-0 19. Qc2 Kh8 20. Qc3 Bf6 21. b4 Qc8 22. Bb1 Qe8 23. Qe3 Qd8 24. Qd3 Bxe4 25. Qxe4 g6 26. Qb7 a5 27. c5 axb4 28. c6 dxc6 29. Rxc6 Rb8 30. Qa7 Ra8 31. Qb7 Rb8 32. Qa7 Ra8 33. Qxb6 Qxb6+ 34. Rxb6 Rab8 35. Rxb8 Rxb8 36. Bc2 Kg7 37. Bb3 Rd8 38. Rd1 Kf7 39. d7 Be7 40. Kf1 Bc5 41. Rc1 Bd6 42. Ba4 Ke7 43. Ke2 Rf8 44. Rc8 Rd8 45. g3 Bb8 46. Kd3 h5 47. Kc4 Bd6 48. Bb5 g5 49. Bc6 g4 50. fxg4 hxg4 51. Ba4 Bb8 52. Kd3 Ba7 53. Rc4 Rg8 54. Rxb4 Bg1 55. Rb7 Rd8 56. Rb2 Rh8 57. Rb4 Rg8 58. Rb7 Rd8 59. Rb4 Rg8 1/2-1/2

[Event "Luxembourg-chT 1213"]
[Site "Luxembourg"]
[Date "2013.01.10"]
[Round "4"]
[White "Kaber, Claude"]
[Black "Barthel, Ansgar"]
[Result "0-1"]
[WhiteElo "2134"]
[BlackElo "2245"]
[PlyCount "34"]
[EventDate "2012.10.??"]
[EventType "team-tourn"]
[EventRounds "10"]
[EventCountry "LUX"]
[SourceTitle "EXT 2017"]
[Source "ChessBase"]
[SourceDate "2016.10.25"]
[SourceVersion "1"]
[SourceVersionDate "2016.10.25"]
[SourceQuality "1"]

1. e4 Nf6 2. e5 Nd5 3. c4 Nb6 4. b3 c5 5. Nf3 Nc6 6. Bb2 d6 7. d4 cxd4 8. exd6 e5 9. c5 Nd7 10. b4 Nxb4 11. Bc4 Nxc5 12. Nxe5 Bxd6 13. a3 Bxe5 14. axb4 Ne6 15. Bb5+ Bd7 16. Qe2 Bd6 17. 0-0 0-0 0-1

[Event "LUX-ch AB"]
[Site "Differdingen"]
[Date "2007.04.15"]
[Round "9.8"]
[White "Kaber, Claude"]
[Black "Boyarchenko, Marie"]
[Result "1/2-1/2"]
[WhiteElo "2152"]
[BlackElo "1756"]
[PlyCount "46"]
[EventDate "2007.04.07"]
[EventType "swiss"]
[EventRounds "9"]
[EventCountry "LUX"]
[SourceTitle "EXT 2008"]
[Source "ChessBase"]
[SourceDate "2007.11.25"]
[SourceVersion "1"]
[SourceVersionDate "2007.11.25"]
[SourceQuality "1"]

1. e4 c5 2. c3 d5 3. exd5 Qxd5 4. d4 cxd4 5. cxd4 Nc6 6. Nf3 e5 7. Nc3 Bb4 8. Bd2 Bxc3 9. Bxc3 e4 10. Ne5 Nxe5 11. dxe5 Ne7 12. Qa4+ Bd7 13. Qa3 Qe6 14. Rd1 Bc6 15. Rd6 Qf5 16. Be2 0-0 17. Qc5 Qg5 18. g3 Rfe8 19. h4 Qc1+ 20. Rd1 Qc2 21. Rd2 Qc1+ 22. Rd1 Qh6 23. Rd6 Qc1+ 1/2-1/2

[Event "LUX-ch AB"]
[Site "Differdingen"]
[Date "2007.04.14"]
[Round "8.6"]
[White "Fadil, Hicham"]
[Black "Kaber, Claude"]
[Result "1-0"]
[WhiteElo "1653"]
[BlackElo "2152"]
[PlyCount "89"]
[EventDate "2007.04.07"]
[EventType "swiss"]
[EventRounds "9"]
[EventCountry "LUX"]
[SourceTitle "EXT 2008"]
[Source "ChessBase"]
[SourceDate "2007.11.25"]
[SourceVersion "1"]
[SourceVersionDate "2007.11.25"]
[SourceQuality "1"]

1. Nc3 c5 2. e4 e6 3. Nf3 Nc6 4. d4 cxd4 5. Nxd4 Nf6 6. Ndb5 Bb4 7. a3 Bxc3+ 8. Nxc3 d5 9. exd5 exd5 10. Bg5 0-0 11. Bd3 Re8+ 12. Ne2 Bg4 13. 0-0 h6 14. Be3 d4 15. Bf4 Nd5 16. Bg3 Qb6 17. Qd2 Bxe2 18. Bxe2 Qxb2 19. Bf3 Qc3 20. Qc1 Rad8 21. Rd1 Ne5 22. Be4 Qc5 23. Qb2 Nc3 24. Re1 Nc4 25. Qxb7 Nxe4 26. Rxe4 Rxe4 27. Qxe4 Nxa3 28. Qd3 Nxc2 29. Rc1 Nb4 30. Qd2 Qb5 31. Rb1 a5 32. h3 d3 33. Kf1 Rc8 34. Bf4 Rc2 35. Qd1 Qc4 36. Bd2 Kh7 37. g3 g6 38. h4 Qa2 39. Be3 Nd5 40. Bd4 Nc3 41. Rb8 Rxf2+ 42. Kg1 Rg2+ 43. Kf1 Rf2+ 44. Kg1 Ne2+ 45. Qxe2 1-0

[Event "LUX-ch AB"]
[Site "Differdingen"]
[Date "2007.04.12"]
[Round "6.5"]
[White "Ludewig, Robert"]
[Black "Kaber, Claude"]
[Result "1/2-1/2"]
[WhiteElo "1897"]
[BlackElo "2152"]
[PlyCount "54"]
[EventDate "2007.04.07"]
[EventType "swiss"]
[EventRounds "9"]
[EventCountry "LUX"]
[SourceTitle "EXT 2008"]
[Source "ChessBase"]
[SourceDate "2007.11.25"]
[SourceVersion "1"]
[SourceVersionDate "2007.11.25"]
[SourceQuality "1"]

1. f4 e5 2. fxe5 d6 3. Nf3 dxe5 4. e4 Bc5 5. c3 Nc6 6. Bc4 Nf6 7. d3 Bg4 8. a4 a5 9. Qe2 Nh5 10. g3 0-0 11. Be3 Qe7 12. Nbd2 Kh8 13. Qf2 Bxe3 14. Qxe3 f5 15. exf5 Rxf5 16. Nh4 Rff8 17. Bd5 Nf4 18. Bxc6 bxc6 19. gxf4 Qxh4+ 20. Qg3 Qxg3+ 21. hxg3 exf4 22. gxf4 Rae8+ 23. Kf2 Re2+ 24. Kg3 Rxd2 25. Kxg4 Rg2+ 26. Kf3 Rxb2 27. Rh5 h6 1/2-1/2

[Event "LUX-ch AB"]
[Site "Differdingen"]
[Date "2007.04.07"]
[Round "1.5"]
[White "Kaber, Claude"]
[Black "Berteau, Franck"]
[Result "1-0"]
[WhiteElo "2152"]
[BlackElo "1777"]
[PlyCount "41"]
[EventDate "2007.04.07"]
[EventType "swiss"]
[EventRounds "9"]
[EventCountry "LUX"]
[SourceTitle "EXT 2008"]
[Source "ChessBase"]
[SourceDate "2007.11.25"]
[SourceVersion "1"]
[SourceVersionDate "2007.11.25"]
[SourceQuality "1"]

1. e4 d6 2. d4 g6 3. Nc3 Bg7 4. Be3 c6 5. f4 Nf6 6. Be2 b5 7. e5 dxe5 8. fxe5 Nd5 9. Nxd5 Qxd5 10. Bf3 Qd7 11. Ne2 Bb7 12. 0-0 h5 13. Nf4 e6 14. Nxg6 fxg6 15. Be4 c5 16. Bxg6+ Kd8 17. Bxh5 cxd4 18. Bg5+ Kc8 19. Rf7 Qd5 20. Bf3 Qxe5 21. Bxb7# 1-0

[Event "Luxembourg-chT 9900"]
[Site "Luxembourg"]
[Date "2000.04.02"]
[Round "10"]
[White "Ackermann, Robert"]
[Black "Kaber, Claude"]
[Result "0-1"]
[WhiteElo "2006"]
[BlackElo "2121"]
[PlyCount "40"]
[EventDate "1999.10.24"]
[EventType "team"]
[EventRounds "10"]
[EventCountry "LUX"]
[SourceTitle "EXT 2005"]
[Source "ChessBase"]
[SourceDate "2004.11.15"]
[SourceVersion "1"]
[SourceVersionDate "2004.11.15"]
[SourceQuality "1"]

1. e4 c5 2. Nf3 e6 3. d4 cxd4 4. Nxd4 Nf6 5. Bd3 Nc6 6. Nb3 d5 7. exd5 exd5 8. 0-0 Bd6 9. Re1+ Be6 10. N1d2 Qc7 11. Nf1 0-0-0 12. Bd2 h5 13. h3 Qd7 14. Ne3 Kb8 15. Bf1 Bc7 16. h4 Ne5 17. g3 d4 18. Ng2 Bd5 19. Rxe5 Bxe5 20. Nc5 Qh3 0-1

[Event "Luxembourg-chT 9900"]
[Site "Luxembourg"]
[Date "2000.03.05"]
[Round "8"]
[White "Kaber, Claude"]
[Black "Spartz, Guy"]
[Result "1-0"]
[WhiteElo "2121"]
[BlackElo "1956"]
[PlyCount "111"]
[EventDate "1999.10.24"]
[EventType "team"]
[EventRounds "10"]
[EventCountry "LUX"]
[SourceTitle "EXT 2005"]
[Source "ChessBase"]
[SourceDate "2004.11.15"]
[SourceVersion "1"]
[SourceVersionDate "2004.11.15"]
[SourceQuality "1"]

1. e4 e5 2. f4 exf4 3. Nf3 Be7 4. Bc4 Bh4+ 5. Kf1 d6 6. d4 Qf6 7. Nc3 Be6 8. Bb5+ c6 9. Be2 Ne7 10. e5 Qh6 11. Ne4 Nf5 12. g4 Ne3+ 13. Bxe3 fxe3 14. Nxd6+ Ke7 15. Kg2 Bf2 16. Ne4 Bxg4 17. Nxf2 exf2 18. Kxf2 Qf4 19. Qd3 Rd8 20. Qa3+ Ke8 21. Qe3 Qxe3+ 22. Kxe3 Bf5 23. c3 Ke7 24. Rhg1 g6 25. Bc4 f6 26. Nh4 Be6 27. exf6+ Kf7 28. Bxe6+ Kxe6 29. Rgf1 Nd7 30. f7 Rf8 31. Kd3 Nf6 32. Nf3 Kxf7 33. Ng5+ Kg8 34. Rae1 Nd5 35. Ne6 Rxf1 36. Rxf1 Re8 37. Nc5 Re7 38. Ne4 Kg7 39. a3 h6 40. c4 Nc7 41. h4 Ne6 42. d5 cxd5 43. cxd5 Rd7 44. d6 g5 45. Kc4 Rf7 46. Rxf7+ Kxf7 47. hxg5 hxg5 48. b4 g4 49. Kd5 Nf4+ 50. Ke5 Ne2 51. Ng5+ Ke8 52. Ke6 Nd4+ 53. Kd5 Nc2 54. Ne4 Ne3+ 55. Ke6 Kd8 56. Ng5 1-0

[Event "Luxembourg-chT 9900"]
[Site "Luxembourg"]
[Date "2000.01.09"]
[Round "4"]
[White "Kaber, Claude"]
[Black "Goerens, Jean Paul"]
[Result "1-0"]
[WhiteElo "2121"]
[BlackElo "2013"]
[PlyCount "69"]
[EventDate "1999.10.24"]
[EventType "team"]
[EventRounds "10"]
[EventCountry "LUX"]
[SourceTitle "EXT 2005"]
[Source "ChessBase"]
[SourceDate "2004.11.15"]
[SourceVersion "1"]
[SourceVersionDate "2004.11.15"]
[SourceQuality "1"]

1. e4 e5 2. f4 exf4 3. Nf3 d5 4. exd5 Nf6 5. Be2 Nxd5 6. c4 Nf6 7. d4 Bb4+ 8. Nc3 0-0 9. 0-0 c5 10. d5 Bxc3 11. bxc3 Ne4 12. Qc2 f5 13. Bxf4 Nd7 14. Bd3 Ndf6 15. Ng5 Nxg5 16. Bxg5 g6 17. Rae1 Rf7 18. Qf2 Qf8 19. Qh4 Bd7 20. Bh6 Qd6 21. Bf4 Qf8 22. Qg5 Re8 23. Qh4 Rxe1 24. Rxe1 Re7 25. Rb1 Bc8 26. Bd6 Re1+ 27. Rxe1 Qxd6 28. Qg5 Kf7 29. Bc2 Bd7 30. h3 Kf8 31. Ba4 Bxa4 32. Re6 Ne4 33. Qh6+ Kg8 34. Rxd6 Nxd6 35. Qf4 1-0

[Event "Luxembourg-chT 9899"]
[Site "Luxembourg"]
[Date "1999.01.10"]
[Round "6"]
[White "Kaber, Claude"]
[Black "Meeussen, Leon"]
[Result "1/2-1/2"]
[WhiteElo "2140"]
[BlackElo "2050"]
[PlyCount "143"]
[EventDate "1998.10.08"]
[EventType "team"]
[EventRounds "10"]
[EventCountry "LUX"]
[SourceTitle "EXT 2005"]
[Source "ChessBase"]
[SourceDate "2004.11.15"]
[SourceVersion "1"]
[SourceVersionDate "2004.11.15"]
[SourceQuality "1"]

1. e4 e5 2. f4 d6 3. Nf3 exf4 4. d4 Nf6 5. Nc3 Be7 6. Bxf4 c6 7. Bd3 Bg4 8. 0-0 0-0 9. Qd2 Na6 10. e5 Nd5 11. Nxd5 cxd5 12. exd6 Bxd6 13. Bxd6 Qxd6 14. Qg5 Bxf3 15. Rxf3 Nb4 16. Rg3 g6 17. Bf5 Qd8 18. Qh6 Qf6 19. c3 Nc6 20. Rf1 Qg7 21. Qf4 Kh8 22. Bd7 f5 23. Bxc6 bxc6 24. Re1 Qd7 25. Qe5+ Kg8 26. Rge3 Rf7 27. Qf4 Qc7 28. Qh6 Raf8 29. Re5 Qd7 30. Re6 Rg7 31. h4 a5 32. Qg5 f4 33. R1e5 f3 34. gxf3 Rxf3 35. Re8+ Rf8 36. Rxf8+ Kxf8 37. Qf6+ Kg8 38. Qe6+ Rf7 39. Qxd7 Rxd7 40. Re8+ Kf7 41. Ra8 Kf6 42. Kg2 Kf5 43. Kf3 Rf7 44. Rxa5 g5 45. hxg5 Kxg5+ 46. Kg3 h5 47. Ra8 h4+ 48. Kg2 Re7 49. Rg8+ Kh5 50. Rf8 Rg7+ 51. Kh3 Rg3+ 52. Kh2 Rd3 53. Rf2 h3 54. a4 Kg4 55. a5 Rd1 56. b4 Ra1 57. Rc2 Ra3 58. Rc1 Ra2+ 59. Kh1 h2 60. Re1 Kf3 61. Rc1 Kg3 62. c4 Ra3 63. cxd5 cxd5 64. Rb1 Kf4 65. b5 Rxa5 66. b6 Ra8 67. b7 Rb8 68. Kxh2 Ke4 69. Rb4 Kd3 70. Kg3 Kc3 71. Rb1 Kxd4 72. Kf4 1/2-1/2

[Event "LUX-chABC"]
[Site "Dudelange"]
[Date "1998.04.14"]
[Round "4.15"]
[White "Kaber, Claude"]
[Black "Jeitz, Christian"]
[Result "1-0"]
[WhiteElo "2155"]
[BlackElo "1720"]
[PlyCount "107"]
[EventDate "1998.04.11"]
[EventType "swiss"]
[EventRounds "9"]
[EventCountry "LUX"]
[SourceTitle "EXT 2013"]
[Source "ChessBase"]
[SourceDate "2012.11.22"]
[SourceVersion "1"]
[SourceVersionDate "2012.11.22"]
[SourceQuality "1"]

1. e4 c5 2. c3 d5 3. exd5 Qxd5 4. d4 Nf6 5. Nf3 Bg4 6. Be2 e6 7. h3 Bxf3 8. Bxf3 Qd7 9. 0-0 Nc6 10. dxc5 Qxd1 11. Rxd1 Bxc5 12. b4 Be7 13. Na3 0-0 14. Be3 a6 15. Bb6 Bd8 16. Bc5 Re8 17. Nc4 Be7 18. Nd6 Bxd6 19. Rxd6 Rac8 20. Rad1 h6 21. g4 e5 22. Bb6 e4 23. Be2 Nh7 24. f4 exf3 25. Bxf3 Ng5 26. Bg2 Ne4 27. R6d3 Ng5 28. Kf1 Ne6 29. Re3 Nf4 30. Rde1 Rxe3 31. Rxe3 Nxg2 32. Kxg2 Kf8 33. Kf2 Re8 34. Bc5+ Ne7 35. Rd3 b5 36. Rd7 f6 37. Ra7 Kf7 38. Ke3 g6 39. Kf4 g5+ 40. Ke4 Kf8 41. Rxa6 Kf7 42. Ra7 Kf8 43. Rb7 Kf7 44. Kd3 Ke6 45. Bxe7 Rxe7 46. Rxb5 Ra7 47. Ra5 Rd7+ 48. Kc2 Kd6 49. Rf5 Ke6 50. a4 h5 51. b5 hxg4 52. hxg4 Rd6 53. a5 Kd7 54. Rc5 1-0

[Event "Luxembourg op"]
[Site "Luxembourg"]
[Date "1996.??.??"]
[Round "3"]
[White "Haensel, Jean Marie"]
[Black "Kaber, Claude"]
[Result "1-0"]
[WhiteElo "1935"]
[BlackElo "2160"]
[PlyCount "157"]
[EventDate "1996.??.??"]
[EventType "swiss"]
[EventRounds "9"]
[EventCountry "LUX"]
[SourceTitle "EXT 2005"]
[Source "ChessBase"]
[SourceDate "2004.11.15"]
[SourceVersion "1"]
[SourceVersionDate "2004.11.15"]
[SourceQuality "1"]

1. d4 Nf6 2. c4 c5 3. Nf3 g6 4. Nc3 Bg7 5. e4 cxd4 6. Nxd4 Nc6 7. Be3 0-0 8. Be2 d6 9. h3 a6 10. 0-0 e6 11. Qd2 Qc7 12. Rfd1 Bd7 13. f3 Rfd8 14. Nxc6 Bxc6 15. Bf4 e5 16. Be3 Nh5 17. Rac1 Rd7 18. b4 b6 19. b5 Bb7 20. Nd5 Bxd5 21. cxd5 Qa7 22. bxa6 f5 23. Rc6 fxe4 24. fxe4 Ng3 25. Bd3 Qb8 26. Qf2 Nh5 27. Rxb6 Qd8 28. Rb7 Nf4 29. Bb5 Rxb7 30. axb7 Rb8 31. Bc6 Qc7 32. Rb1 Nd3 33. Qc2 Nc5 34. Bxc5 dxc5 35. Qxc5 Bf8 36. Qf2 Qa5 37. Kh2 Bh6 38. a4 Qc3 39. Qf3 Bf4+ 40. Kh1 Qc2 41. Rf1 Qb2 42. g3 Bh6 43. Qf7+ Kh8 44. Qf6+ Bg7 45. Qf2 Qb4 46. Qe3 Kg8 47. Qd3 Qb6 48. Qc3 Qa6 49. Rf2 Rf8 50. Rxf8+ Bxf8 51. Qf3 Bd6 52. Kg2 Qb6 53. h4 Kg7 54. g4 g5 55. hxg5 Be7 56. Be8 Qxb7 57. Qf7+ Kh8 58. Bb5 Qc7 59. Qe8+ Kg7 60. Qc6 Qxc6 61. dxc6 Bd8 62. Kf2 Kg6 63. Ba6 Kxg5 64. Bc8 h5 65. gxh5 Kxh5 66. Ke2 Kg5 67. Kd3 Kf6 68. Kc4 Ke7 69. Kb5 Kd6 70. a5 Kc7 71. a6 Kb8 72. Bb7 Ka7 73. Kc5 Bb6+ 74. Kd6 Bc7+ 75. Kd7 Bb8 76. Kc8 Bd6 77. Kd7 Bb8 78. Bc8 Kb6 79. c7 1-0